INTERIM Linkages-Regional Workshop on Integrated Capacity Building in ASEAN on Multilateral Environmental Agreements, 24-26 March 2003, Kuala Lumpur

Bibliographic Details
Format: Book
Published: (Kuala Lumpur : s.n.) , 2003
Subjects:

MARC

LEADER 00000cam a2200000 7i4500
001 0000003045
005 20040413.0
090 0 0 |a 333.7   |b INT 2003 
245 0 0 |a INTERIM Linkages-Regional Workshop on Integrated Capacity Building in ASEAN on Multilateral Environmental Agreements, 24-26 March 2003, Kuala Lumpur 
260 0 0 |a (Kuala Lumpur :   |b s.n.) ,   |c 2003 
300 |a Various pagings ;   |c 30 cm. 
650 0 0 |a Environment 
998 |a JPSM 
999 |a 0000004872   |b Monograph   |c Open Shelf   |e Default branch